Introducción a la ciencia de la hacienda pública / (Record no. 37287)

MARC details
000 -LEADER
campo de control de longitud fija 00829nam a2200241 i 4500
001 - NÚMERO DE CONTROL
campo de control 37287
003 - IDENTIFICADOR DE NÚMERO DE CONTROL
campo de control ES-MaACL
005 - FECHA Y HORA DE LA ÚLTIMA TRANSACCIÓN
campo de control 20250904081646.0
007 - CAMPO FIJO DE DESCRIPCIÓN FÍSICA--INFORMACIÓN GENERAL
campo de control de longitud fija t|
008 - DATOS DE LONGITUD FIJA--INFORMACIÓN GENERAL
campo de control de longitud fija 030220s1982 sp d |||| | spa d
020 ## - NÚMERO INTERNACIONAL ESTÁNDAR DEL LIBRO
Número Internacional Estándar del Libro 84-7130-366-3
080 ## - NÚMERO DE LA CLASIFICACIÓN DECIMAL UNIVERSAL
Número de la Clasificación Decimal Universal 336(02)
100 1# - ENTRADA PRINCIPAL--NOMBRE DE PERSONA
Nombre de persona Buchanan, James M.
9 (RLIN) 32285
245 10 - MENCIÓN DEL TÍTULO
Título Introducción a la ciencia de la hacienda pública /
Mención de responsabilidad, etc. James M. Buchanan, Marilyn R. Flowers ; [traducido por Jesús Ruza Tardío y Fernando Castro].
260 ## - PUBLICACIÓN, DISTRIBUCIÓN, ETC.
Lugar de publicación, distribución, etc. [Madrid] :
Nombre del editor, distribuidor, etc. Editoriales de Derecho Reunidas,
Fecha de publicación, distribución, etc. [1982]
300 ## - DESCRIPCIÓN FÍSICA
Extensión XLVIII, 652 p. :
Otras características físicas gráf. ;
Dimensiones 22 cm.
650 #7 - PUNTO DE ACCESO ADICIONAL DE MATERIA--TÉRMINO DE MATERIA
Término de materia o nombre geográfico como elemento de entrada Hacienda pública
Fuente del encabezamiento o término embne
9 (RLIN) 13279
700 1# - ENTRADA AGREGADA--NOMBRE PERSONAL
Nombre de persona Flowers, Marilyn R.
9 (RLIN) 51367
700 1# - ENTRADA AGREGADA--NOMBRE PERSONAL
Nombre de persona Ruza, Jesús.
9 (RLIN) 150928
700 1# - ENTRADA AGREGADA--NOMBRE PERSONAL
Nombre de persona Castro Polinio, Fernando
9 (RLIN) 150502
852 ## - LOCALIZACIÓN
Ubicación ES-MaACL
Número de control de estantería L-3387
Holdings
Estatus retirado Estado de pérdida Estado de daño No para préstamo Biblioteca de origen Biblioteca actual Ubicación en estantería Fecha de adquisición Fuente de adquisición Total de préstamos Signatura topográfica completa Código de barras Visto por última vez Precio de reemplazo Tipo de ítem Koha
        Biblioteca del Ateneo de Madrid Biblioteca del Ateneo de Madrid Depósito 2 17/01/2008     L-3387 1039237 23/02/2023 23/02/2023 Libro impreso